Los vínculos amorosos : (Record no. 103757)
[ view plain ]
| 000 -CABECERA | |
|---|---|
| campo de control de longitud fija | 00715nam a2200229 a 4500 |
| 005 - FECHA Y HORA DE LA ÚLTIMA TRANSACCIÓN | |
| campo de control | 20240910064143.0 |
| 008 - ELEMENTOS DE LONGITUD FIJA--INFORMACIÓN GENERAL | |
| campo de control de longitud fija | 040128s20032008mx r 000 0 spa d |
| 020 ## - NÚMERO INTERNACIONAL NORMALIZADO PARA LIBROS | |
| Número Internacional Estándar del Libro | 8472453618 (10 dígitos) |
| 020 ## - NÚMERO INTERNACIONAL NORMALIZADO PARA LIBROS | |
| Número Internacional Estándar del Libro | 9788472453618 (13 dígitos) |
| 035 ## - NÚMERO DE CONTROL DEL SISTEMA | |
| Número de control de sistema | UPN01000131602 |
| 049 ## - COLECCIÓN | |
| Colección | CG |
| 050 #4 - SIGNATURA TOPOGRÁFICA DE LA BIBLIOTECA DEL CONGRESO | |
| Número de clasificación | BF575 L8 |
| Número de documento/Ítem | S3.8 2003 |
| 100 1# - ASIENTO PRINCIPAL--NOMBRE PERSONAL | |
| Nombre de persona | Sanz, Fina |
| 9 (RLIN) | 35087 |
| 245 14 - MENCIÓN DE TÍTULO | |
| Título | Los vínculos amorosos : |
| Resto del título | amar desde la identidad en la terapia de reencuentro / |
| Mención de responsabilidad, etc. | Fina Sanz. |
| 250 ## - MENCIÓN DE EDICIÓN | |
| Mención de edición | 4a ed. |
| 260 ## - PUBLICACIÓN, DISTRIBUCIÓN, ETC. | |
| Lugar de publicación, distribución, etc. | Barcelona, Esp. : |
| Nombre del editor, distribuidor, etc. | Kairós, |
| Fecha de publicación, distribución, etc. | 2003. (reimp. 2008) |
| 300 ## - DESCRIPCIÓN FÍSICA | |
| Extensión | 346 p. : |
| Otras características físicas | il. |
| 650 #4 - ASIENTO SECUNDARIO DE MATERIA - TERMINO TEMATICO | |
| Término de materia o nombre geográfico como elemento de entrada | Amor |
| 9 (RLIN) | 4320 |
| 650 #4 - ASIENTO SECUNDARIO DE MATERIA - TERMINO TEMATICO | |
| Término de materia o nombre geográfico como elemento de entrada | Relaciones interpersonales |
| 9 (RLIN) | 1551 |
| 650 #2 - ASIENTO SECUNDARIO DE MATERIA - TERMINO TEMATICO | |
| Término de materia o nombre geográfico como elemento de entrada | Intimidad (Psicología) |
| 9 (RLIN) | 9981 |
| 905 ## - TIPO DE MATERIAL | |
| Tipo de material | Libro |
| Estado de retiro | Estado de pérdida | Fuente del sistema de clasificación o colocación | Estado dañado | No para préstamo | Código de colección | Localización permanente | Ubicación/localización actual | Ubicación en estantería | Fecha de adquisición | Total de préstamos | Clasificación | Código de barras | Fecha visto por última vez | Número de copia | Tipo de ítem Koha | En préstamo | Fecha del último préstamo |
|---|---|---|---|---|---|---|---|---|---|---|---|---|---|---|---|---|---|
| Library of Congress Classification | En restauración | Colección General | Bib. Gregorio Torres Quintero | Bib. Gregorio Torres Quintero | Planta baja | 03/08/2023 | 48 | BF575 L8 S3.8 2003 | 202397 | 31/12/2020 | 1 | Libro | |||||
| Library of Congress Classification | Colección General | Bib. Gregorio Torres Quintero | Bib. Gregorio Torres Quintero | Planta baja | 48 | BF575 L8 S3.8 2003 | 217850 | 15/10/2021 | 1 | Libro | |||||||
| Library of Congress Classification | Colección General | Bib. Gregorio Torres Quintero | Bib. Gregorio Torres Quintero | Planta baja | 51 | BF575 L8 S3.8 2003 | 217849 | 31/12/2020 | 1 | Libro | |||||||
| Library of Congress Classification | Colección General | Bib. Gregorio Torres Quintero | Bib. Gregorio Torres Quintero | Planta baja | 27/10/2022 | 33 | BF575 L8 S3.8 2003 | 275649 | 14/04/2026 | 1 | Libro | 28/04/2026 | 14/04/2026 | ||||
| Library of Congress Classification | Colección General | Bib. Gregorio Torres Quintero | Bib. Gregorio Torres Quintero | Planta baja | 09/11/2022 | 13 | BF575 L8 S3.8 2003 | 217848 | 24/11/2022 | 1 | Libro | 09/11/2022 |
